Nghiên cứu các nhân tố ảnh hưởng đến quyết định mua mỹ phẩm chăm sóc da của người tiêu dùng tại thành phố Cần Thơ : Luận văn Thạc sĩ Kinh tế. Chuyên ngành Quản trị kinh doanh
Nghiên cứu các nhân tố ảnh hưởng đến quyết định mua mỹ phẩm chăm sóc da của người tiêu dùng tại thành phố cần Thơ, từ đó đề xuất hàm ý quản trị gia tăng việc mua sắm mỹ phẩm chăm sóc da của người tiêu dùng tại địa bàn nghiên cứu....
Guardado en:
| Autor principal: | |
|---|---|
| Formato: | Libro |
| Lenguaje: | Undetermined |
| Publicado: |
Cần Thơ
Trường Đại học Cần Thơ
2017
|
| Materias: | |
| Etiquetas: |
Agregar Etiqueta
Sin Etiquetas, Sea el primero en etiquetar este registro!
|
| Thư viện lưu trữ: | Trung tâm Học liệu Trường Đại học Cần Thơ |
|---|
| LEADER | 01225nam a2200193Ia 4500 | ||
|---|---|---|---|
| 001 | CTU_224995 | ||
| 008 | 210402s9999 xx 000 0 und d | ||
| 082 | |a 658.834 | ||
| 082 | |b Y603 | ||
| 100 | |a Nguyễn, Kim Yến | ||
| 245 | 0 | |a Nghiên cứu các nhân tố ảnh hưởng đến quyết định mua mỹ phẩm chăm sóc da của người tiêu dùng tại thành phố Cần Thơ : | |
| 245 | 0 | |b Luận văn Thạc sĩ Kinh tế. Chuyên ngành Quản trị kinh doanh | |
| 245 | 0 | |c Nguyễn Kim Yến ; Lưu Thanh Đức Hải (Cán bộ hướng dẫn) | |
| 260 | |a Cần Thơ | ||
| 260 | |b Trường Đại học Cần Thơ | ||
| 260 | |c 2017 | ||
| 520 | |a Nghiên cứu các nhân tố ảnh hưởng đến quyết định mua mỹ phẩm chăm sóc da của người tiêu dùng tại thành phố cần Thơ, từ đó đề xuất hàm ý quản trị gia tăng việc mua sắm mỹ phẩm chăm sóc da của người tiêu dùng tại địa bàn nghiên cứu. | ||
| 650 | |a Dịch vụ khách hàng,Customer services | ||
| 980 | |a Trung tâm Học liệu Trường Đại học Cần Thơ | ||